[Event "Titled Tue 20th May Early"]
[Site "chess.com INT"]
[Date "2025.05.20"]
[Round "4"]
[White "Aravindh, Chithambaram VR."]
[Black "Korchynskyi, Mykola"]
[Result "0-1"]
[WhiteTitle "GM"]
[BlackTitle "FM"]
[WhiteElo "2749"]
[BlackElo "2325"]
[WhiteFideId "5072786"]
[BlackFideId "34138005"]
[EventDate "2025.05.20"]

1. d4 Nf6 2. Nf3 e6 3. e3 d5 4. Bd3 Bd6 5. O-O Nbd7 6. Nbd2 b6 7. b3 Bb7 8. Bb2
O-O 9. a4 c5 10. a5 Ne4 11. a6 Bc6 12. dxc5 Ndxc5 13. Nd4 Nxd2 14. Qxd2 Rc8 15.
Nxc6 Rxc6 16. Be2 Qc7 17. g3 Ne4 18. Qd4 f6 19. Ba3 Bxa3 20. Rxa3 Rxc2 21. Bg4
f5 22. Bh3 Rxf2 23. Rxf2 Qc1+ 24. Rf1 Qxa3 25. Qe5 Qd6 26. Qd4 Rc8 27. Bg2 Qc5
28. Qd3 Qc3 29. Qe2 Qd2 30. Qf3 Rc3 31. g4 Qxe3+ 32. Qxe3 Rxe3 33. gxf5 exf5 34.
Rxf5 Re1+ 35. Bf1 Nd2 36. Rxd5 Nxf1 37. Rd7 Ra1 38. Rxa7 Nd2+ 39. Kf2 Nxb3 40.
Ke3 Nc5 41. Ra8+ Kf7 42. a7 Ne6 43. Ke4 Nc7 44. Rb8 Rxa7 45. Rxb6 Ne6 46. Ke5
Ra5+ 47. Kd6 Kf6 48. Rb2 Rf5 49. Re2 Nf4 50. Re8 Kg6 51. Re3 Rf6+ 52. Kd7 h5 53.
Rg3+ Kh6 54. Ke7 h4 55. Rg1 Ng6+ 56. Ke8 Rf2 57. h3 Rf3 58. Rg2 Rxh3 59. Kf7
Rf3+ 60. Ke8 Rg3 61. Rf2 h3 62. Kf7 Rg2 63. Rf3 h2 64. Rh3+ Kg5 65. Kxg7 Ne5 66.
Kf8 Ng4 67. Kf7 Rg1 0-1

[Event "Titled Tue 20th May Early"]
[Site "chess.com INT"]
[Date "2025.05.20"]
[Round "4"]
[White "Deboushnik De"]
[Black "Tulendinov, Dinmukhammed"]
[Result "1-0"]
[BlackTitle "FM"]
[WhiteElo "2207"]
[BlackElo "2124"]
[WhiteFideId "25768778"]
[BlackFideId "13730860"]
[EventDate "2025.05.20"]

1. e4 c5 2. Nf3 e6 3. d4 cxd4 4. Nxd4 Nc6 5. Nc3 Qc7 6. Be3 a6 7. Qd2 Nf6 8.
O-O-O Be7 9. f3 b5 10. g4 Nxd4 11. Bxd4 Bb7 12. Kb1 O-O 13. g5 Nh5 14. Ne2 Rfd8
15. Bh3 e5 16. Qc3 Qxc3 17. Bxc3 d5 18. Ba5 dxe4 19. Bxd8 exf3 20. Bxe7 fxe2 21.
Rde1 Bxh1 22. Rxh1 Re8 23. Bb4 Rd8 24. Kc1 Rd4 25. Bc3 Rh4 26. Bf5 Ng3 27. Be1
Nxf5 28. Bxh4 Nxh4 29. Re1 f5 30. gxf6 gxf6 31. Rxe2 Kf7 32. b3 Ke6 33. Re4 Nf3
34. c4 b4 35. Re3 Nxh2 36. Rh3 Ng4 37. Rxh7 Nf2 38. Ra7 Nd3+ 39. Kd2 Nc5 40. Rc7
Kd6 41. Rf7 Ke6 42. Rh7 Kd6 43. Ke3 Ke6 44. Rh8 Kd6 45. Rd8+ Kc7 46. Rf8 Nd7 47.
Ra8 Kb7 48. Rh8 Kc6 49. Rh7 f5 50. Rf7 f4+ 51. Ke4 Kd6 52. Rh7 Nc5+ 53. Kf3 Nd3
54. Rh6+ Kc5 55. Rxa6 Nc1 56. Ra5+ Kd4 57. Rd5+ Kc3 58. c5 Nxa2 59. c6 Kxb3 60.
c7 Nc3 61. Rxe5 Kb2 62. c8=Q b3 1-0

[Event "Titled Tue 20th May Early"]
[Site "chess.com INT"]
[Date "2025.05.20"]
[Round "4"]
[White "Bukreev, Stanislav"]
[Black "Jahnz, Laurin"]
[Result "1-0"]
[WhiteTitle "FM"]
[BlackTitle "CM"]
[WhiteElo "2328"]
[BlackElo "2233"]
[WhiteFideId "34252347"]
[BlackFideId "16261089"]
[EventDate "2025.05.20"]

1. d4 d5 2. c4 e6 3. Nf3 c6 4. e3 Bd6 5. Nc3 f5 6. Bd3 Nf6 7. Qc2 O-O 8. Bd2 Ne4
9. Ne5 Qh4 10. g3 Qh3 11. Bf1 Qh5 12. Bg2 Nd7 13. Nxd7 Bxd7 14. f3 Ng5 15. Qd1
dxc4 16. f4 Qxd1+ 17. Rxd1 Nf7 18. e4 b5 19. e5 Bc7 20. Ne2 Bb6 21. Bb4 Rfe8 22.
Bc5 Nd8 23. a4 Rc8 24. h3 bxa4 25. Nc3 Nb7 26. Nxa4 Nxc5 27. Nxc5 Re7 28. O-O
Be8 29. Kh2 Rb8 30. Rc1 Bxc5 31. dxc5 Rxb2 32. Rxc4 Rbb7 33. Rd4 Red7 34. Rd6
Rxd6 35. cxd6 Kf7 36. Rc1 Rb2 37. Kg1 Bd7 38. Bxc6 Bxc6 39. Rxc6 a5 40. Rc7+ Ke8
41. Rxg7 a4 42. Rxh7 a3 43. Ra7 a2 44. g4 Rb1+ 45. Kf2 a1=Q 46. Rxa1 Rxa1 47.
Kg3 fxg4 48. hxg4 Rd1 49. Kh4 Kf7 50. Kg5 Rd4 51. f5 exf5 52. gxf5 Rd5 53. Kf4
Rd4+ 54. Ke3 Rh4 55. Kf3 Ke8 56. Ke3 Rh1 57. Ke4 Re1+ 58. Kd5 Kd7 59. e6+ Kd8
60. f6 Rd1+ 61. Ke5 Rf1 62. f7 Rf2 63. f8=Q+ Rxf8 64. e7+ Ke8 65. exf8=Q+ Kxf8
66. Kd5 Ke8 67. Kc6 1-0

[Event "Titled Tue 20th May Early"]
[Site "chess.com INT"]
[Date "2025.05.20"]
[Round "4"]
[White "Ternault, Mathieu"]
[Black "Meylan, Andre"]
[Result "1-0"]
[WhiteTitle "FM"]
[BlackTitle "CM"]
[WhiteElo "2273"]
[BlackElo "2138"]
[WhiteFideId "20641532"]
[BlackFideId "1301225"]
[EventDate "2025.05.20"]

1. d4 c5 2. d5 e5 3. d6 Qb6 4. Nc3 Qxd6 5. Be3 Qxd1+ 6. Rxd1 Na6 7. Nf3 f6 8.
Nd2 Nb4 9. Rc1 d5 10. a3 d4 11. axb4 dxe3 12. fxe3 cxb4 13. Nb5 Kf7 14. Ne4 Bd7
15. Nbd6+ Bxd6 16. Nxd6+ Ke6 17. Nxb7 Rc8 18. Na5 Ne7 19. g3 Nd5 20. Kf2 Rc5 21.
Nb3 Rc7 22. Bh3+ Ke7 23. Bg2 Be6 24. Rhd1 Nb6 25. Ra1 Bxb3 26. cxb3 Rd8 27. Ke1
Rxd1+ 28. Kxd1 Ke6 29. Ra5 f5 30. e4 f4 31. Bh3+ Ke7 32. Rxe5+ Kf6 33. Rb5 fxg3
34. hxg3 Nd7 35. Rxb4 Nc5 36. Kd2 Ke5 37. Ke3 g6 38. Rc4 Kd6 39. b4 Na4 40. b3
Nb6 41. Rxc7 Kxc7 42. Kd4 Kd6 43. e5+ Ke7 44. e4 Na8 45. Kc5 Nc7 46. Kc6 Ne8 47.
Kb7 g5 48. Kxa7 h5 49. Bc8 g4 50. b5 Kd8 51. Bf5 Nc7 52. b6 Nb5+ 53. Ka8 Nd4 54.
b7 Nc6 55. b8=Q+ Nxb8 56. Kxb8 h4 57. Bxg4 hxg3 58. Bh3 Ke7 59. Kc7 g2 60. Bxg2
Ke6 61. b4 Kxe5 62. b5 Kd4 63. b6 Ke3 64. b7 Kf2 65. b8=Q Ke3 1-0

[Event "Titled Tue 20th May Early"]
[Site "chess.com INT"]
[Date "2025.05.20"]
[Round "4"]
[White "Ilinca, Felix-Antonio"]
[Black "Yildiz, Serdar Murat"]
[Result "1-0"]
[WhiteTitle "IM"]
[BlackTitle "CM"]
[WhiteElo "2420"]
[BlackElo "2208"]
[WhiteFideId "54764998"]
[BlackFideId "44536780"]
[EventDate "2025.05.20"]

1. d4 Nf6 2. Nc3 d5 3. Bf4 a6 4. e3 e6 5. g4 c5 6. g5 Nfd7 7. h4 Nc6 8. Nf3 b5
9. Ne2 Bb7 10. h5 Nb6 11. Bh3 Bd6 12. dxc5 Bxc5 13. Ned4 Nxd4 14. exd4 Bd6 15.
Ne5 Qc7 16. Qe2 O-O-O 17. Bg3 Rhe8 18. O-O-O Nc4 19. f4 f6 20. gxf6 gxf6 21. Nd3
Kb8 22. Rhe1 Qb6 23. Bf2 Qc7 24. Kb1 Bc8 25. Bg3 Ka7 26. Nc5 e5 27. Bxc8 Rxc8
28. fxe5 fxe5 29. Qg4 exd4 30. Rxe8 Rxe8 31. Bxd6 Qxd6 32. Qxd4 Nb6 33. b3 Re7
34. Nd3 Rc7 35. Nb4 Qc5 36. Qxc5 Rxc5 37. Rf1 Rc7 38. Rf6 Rd7 39. Nc6+ Kb7 40.
Nd4 b4 41. h6 Nc8 42. Re6 Nd6 43. Kb2 Ne4 44. a3 bxa3+ 45. Kxa3 Rc7 46. Kb2 Rd7
47. Re8 Rc7 48. Rg8 Nf6 49. Rg5 Rd7 50. Rf5 Ng4 51. Ne6 Nxh6 52. Rh5 Rd6 53.
Rxh6 Kb6 54. Kc3 a5 55. Kd4 a4 56. bxa4 Ka5 57. Kc5 Ra6 58. Kxd5 Kxa4 59. c4 Kb4
60. c5 Ra1 61. Rxh7 Rd1+ 62. Nd4 Kc3 63. Rh3+ Kb2 64. c6 1-0

[Event "Titled Tue 20th May Early"]
[Site "chess.com INT"]
[Date "2025.05.20"]
[Round "4"]
[White "Shokirjonova, Barchinoy"]
[Black "Erece, Ece Alkim"]
[Result "1-0"]
[WhiteTitle "WFM"]
[BlackTitle "WCM"]
[WhiteElo "2043"]
[BlackElo "1843"]
[WhiteFideId "14212307"]
[BlackFideId "6346006"]
[EventDate "2025.05.20"]

1. d4 Nf6 2. c4 Ng8 3. Nf3 Nf6 4. Nc3 c5 5. d5 d6 6. e4 g6 7. Bd3 Bg7 8. O-O O-O
9. e5 dxe5 10. Nxe5 Nbd7 11. Bf4 a6 12. Qd2 Nh5 13. Nxd7 Bxd7 14. Bh6 Rb8 15. a4
Qc7 16. Bxg7 Kxg7 17. Ne4 Bf5 18. Rfe1 Bxe4 19. Bxe4 b5 20. axb5 axb5 21. Bf3
Nf6 22. b3 bxc4 23. bxc4 Rb3 24. Re2 Re8 25. Rae1 Qd6 26. Be4 Rb4 27. Qc3 Kf8
28. Bc2 Qf4 29. Bd3 h5 30. Re5 Ng4 31. R5e4 Qxh2+ 32. Kf1 Nf6 33. R4e3 Rbb8 34.
d6 Qxd6 35. Rf3 Qd4 36. Qd2 Rbd8 37. Qh6+ Kg8 38. Rg3 Ng4 39. Qd2 Qd6 40. Qe2
Qf6 41. Kg1 Rd4 42. f3 h4 43. Rxg4 Rxg4 44. fxg4 Rd8 45. Qe4 Qd4+ 46. Qxd4 Rxd4
47. Rd1 e5 48. g5 Kg7 49. Kf2 e4 50. Be2 f5 51. Ke3 Rxd1 52. Bxd1 Kf7 53. Kf4
Ke6 54. Ba4 Kd6 55. Be8 e3 56. Kxe3 Ke5 57. Bxg6 f4+ 58. Kf3 Kd4 59. Bf7 Ke5 60.
g6 Kf6 61. Kxf4 Kg7 62. Kg4 Kf6 63. Kxh4 Kg7 64. Kg5 Kf8 65. Kf5 Kg7 66. g4 Kf8
67. Bd5 Kg7 68. g5 Kf8 69. Kf6 Ke8 70. g7 Kd7 71. g8=Q 1-0

[Event "Titled Tue 20th May Early"]
[Site "chess.com INT"]
[Date "2025.05.20"]
[Round "4"]
[White "Deichmann, Esteban Horacio"]
[Black "Haug, Havard"]
[Result "1/2-1/2"]
[BlackTitle "FM"]
[WhiteElo "2085"]
[BlackElo "2354"]
[WhiteFideId "167410"]
[BlackFideId "1547887"]
[EventDate "2025.05.20"]

1. e4 g6 2. d4 Bg7 3. c3 c6 4. Be3 d5 5. e5 f6 6. f4 Nh6 7. Nf3 Bg4 8. Be2 O-O
9. Nbd2 Nd7 10. O-O e6 11. h3 Bxf3 12. Bxf3 f5 13. Qe1 Qe7 14. g4 c5 15. Nb3 c4
16. Nd2 b5 17. Qg3 b4 18. Qg2 bxc3 19. bxc3 Qa3 20. Nxc4 Qxc3 21. Rac1 Qb4 22.
Nd6 Nb6 23. Rc7 Qa3 24. Re1 Rad8 25. gxf5 Nxf5 26. Nxf5 exf5 27. e6 Qd6 28. Rxa7
Qxe6 29. Bf2 Qd6 30. Ree7 Rd7 31. Bxd5+ Kh8 32. Rexd7 Nxd7 33. Bc6 Nf6 34. Qf3
Rc8 35. d5 Ne4 36. Qe3 Qb4 37. Rb7 Qc4 38. Rxg7 Kxg7 39. Qd4+ Qxd4 40. Bxd4+ Kf7
41. a4 Rb8 42. a5 Rb4 43. Bb6 Rb1+ 44. Kg2 Nd6 45. Bc7 Nc4 46. d6 Rd1 47. d7 Ke7
48. d8=Q+ Rxd8 49. Bxd8+ Kxd8 50. a6 Ke7 51. a7 Nb6 52. a8=Q Nxa8 53. Bxa8 Kf6
54. h4 h6 55. Kg3 g5 56. fxg5+ hxg5 57. h5 Kg7 58. Bf3 Kh6 59. Kh3 g4+ 60. Bxg4
fxg4+ 61. Kxg4 Kh7 62. Kg5 Kh8 63. h6 Kg8 64. Kg6 Kh8 65. Kh5 Kg8 66. Kg5 Kh8
67. Kg6 Kg8 68. h7+ Kh8 69. Kh6 1/2-1/2

[Event "Titled Tue 20th May Early"]
[Site "chess.com INT"]
[Date "2025.05.20"]
[Round "4"]
[White "Grodotzki, Kenneth"]
[Black "Dawda Vihaan"]
[Result "0-1"]
[WhiteTitle "CM"]
[BlackTitle "CM"]
[WhiteElo "1984"]
[BlackElo "2227"]
[WhiteFideId "4648560"]
[BlackFideId "25681834"]
[EventDate "2025.05.20"]

1. f4 Nf6 2. Nf3 g6 3. g3 Bg7 4. Bg2 O-O 5. O-O d6 6. d3 c5 7. c3 Nc6 8. e4 Rb8
9. a4 a6 10. Qe2 b5 11. axb5 axb5 12. Nbd2 b4 13. c4 b3 14. Nb1 Nb4 15. Na3 Nd7
16. Be3 Nc2 17. Rab1 Nxa3 18. bxa3 Qa5 19. Bc1 Qa4 20. Bb2 Nf6 21. h3 Bb7 22.
Kh2 Bc6 23. g4 Nd7 24. Bxg7 Kxg7 25. Qb2+ f6 26. g5 Rb7 27. gxf6+ exf6 28. Ng5
Ra8 29. Ra1 h6 30. Nf3 Re8 31. h4 h5 32. Bh3 Qa5 33. Rg1 Kh7 34. f5 Ne5 35. Nxe5
dxe5 36. fxg6+ Kg7 37. Qe2 Rh8 38. Raf1 Qxa3 39. Qf3 Rf8 40. Qxh5 Rh8 41. Qf3
Rf8 42. h5 b2 43. h6+ Kxh6 44. g7 Rxg7 45. Qe3+ Kh7 46. Bf5+ Kg8 47. Rxg7+ Kxg7
48. Qg3+ Kf7 49. Qg6+ Ke7 50. Qg7+ Rf7 51. Qg2 Qa1 52. Qg1 Qa2 53. Kg3 Rg7+ 54.
Kf3 Rxg1 55. Rxg1 b1=Q 56. Rg7+ Kf8 57. Rc7 Qd1+ 58. Kg3 Qg1+ 59. Kh4 Qah2+ 60.
Bh3 Qf4+ 61. Kh5 Qfg5# 0-1

[Event "Titled Tue 20th May Early"]
[Site "chess.com INT"]
[Date "2025.05.20"]
[Round "4"]
[White "Banh Gia Huy"]
[Black "Bologan, Victor"]
[Result "1-0"]
[WhiteTitle "IM"]
[BlackTitle "GM"]
[WhiteElo "2425"]
[BlackElo "2601"]
[WhiteFideId "12424714"]
[BlackFideId "13900048"]
[EventDate "2025.05.20"]

1. e4 d6 2. d4 Nf6 3. Nc3 e5 4. dxe5 dxe5 5. Qxd8+ Kxd8 6. Bc4 Ke8 7. Nf3 Bd6 8.
h3 c6 9. a4 Nbd7 10. Bd2 h6 11. O-O-O Bc7 12. Be3 Ba5 13. Nd2 Bxc3 14. bxc3 Nf8
15. f3 Be6 16. Bxe6 Nxe6 17. Nc4 Ke7 18. Nxe5 Rhd8 19. a5 Nd7 20. Nxd7 Rxd7 21.
Rxd7+ Kxd7 22. Rd1+ Ke7 23. f4 f6 24. g4 b6 25. h4 c5 26. f5 Nd8 27. Bf4 Nf7 28.
a6 b5 29. Rd5 Rc8 30. Be3 Rc6 31. Rxc5 Rxa6 32. Rc7+ Ke8 33. Bxa7 Ne5 34. Bd4
Nc4 35. Kd1 Kf8 36. g5 hxg5 37. hxg5 fxg5 38. Rxg7 Nd6 39. Rxg5 Nxe4 40. Rg4 Nd6
41. Bc5 Kf7 42. Bxd6 Rxd6+ 43. Kc1 Rd5 44. Rf4 Kf6 45. Kb2 Rd2 46. Kb3 Re2 47.
Rf3 Rg2 48. Kb4 Rxc2 49. Kxb5 Rb2+ 50. Kc5 Rb8 51. c4 Rc8+ 52. Kb5 Rb8+ 53. Ka6
Rc8 54. Rc3 Kxf5 55. Kb7 Rc5 56. Kb6 Rc8 57. c5 Ke6 58. c6 Rb8+ 59. Ka7 Rc8 60.
c7 Kd6 61. Kb7 Rxc7+ 62. Rxc7 1-0

[Event "Titled Tue 20th May Early"]
[Site "chess.com INT"]
[Date "2025.05.20"]
[Round "4"]
[White "Yevchenko, Oleksandr"]
[Black "Kshatriya, Nitin Vekhande"]
[Result "0-1"]
[WhiteTitle "CM"]
[BlackTitle "FM"]
[WhiteElo "2276"]
[BlackElo "2255"]
[WhiteFideId "14108267"]
[BlackFideId "45075530"]
[EventDate "2025.05.20"]

1. c4 Nf6 2. Nc3 e6 3. e4 Nc6 4. d4 d6 5. Be3 e5 6. d5 Ne7 7. h3 g6 8. g4 h6 9.
Nge2 Bg7 10. Ng3 c5 11. dxc6 bxc6 12. Bg2 Be6 13. b3 d5 14. cxd5 cxd5 15. exd5
Nfxd5 16. Nxd5 Nxd5 17. O-O O-O 18. Bc5 Re8 19. Rc1 Rc8 20. Ne4 Nf4 21. Nd6 Nxg2
22. Nxe8 Nf4 23. Qxd8 Rxd8 24. Nxg7 Nxh3+ 25. Kh2 Bxg4 26. Be7 Ra8 27. Bf6 Ng5
28. Rc7 e4 29. Rfc1 Rf8 30. Rxa7 Nf3+ 31. Kg3 h5 32. Rcc7 Nd2 33. a4 Nxb3 34. a5
Nd2 35. a6 e3 36. fxe3 Ne4+ 37. Kf4 Nxf6 38. Rc6 Kxg7 39. Rb7 Bh3 40. a7 Bg2 41.
Rcc7 Bxb7 42. Rxb7 Ra8 43. Ke5 h4 44. Kf4 Kh6 45. e4 Nh5+ 46. Kg4 Nf6+ 47. Kxh4
Nxe4 48. Rxf7 Nd6 49. Rd7 Nb5 50. Kg4 Rxa7 51. Rd8 Ra4+ 52. Kg3 Nc7 53. Rh8+ Kg7
54. Rc8 Ne6 55. Re8 Kf6 56. Rb8 g5 57. Rb5 Ng7 58. Rb6+ Ne6 59. Rb5 Nc7 60. Rb6+
Ke5 0-1

[Event "Titled Tue 20th May Early"]
[Site "chess.com INT"]
[Date "2025.05.20"]
[Round "4"]
[White "Harsh, Suresh"]
[Black "Rosh, Jain"]
[Result "1-0"]
[WhiteTitle "IM"]
[BlackTitle "FM"]
[WhiteElo "2392"]
[BlackElo "2254"]
[WhiteFideId "45018464"]
[BlackFideId "25789465"]
[EventDate "2025.05.20"]

1. b3 Nf6 2. Bb2 c5 3. c4 Nc6 4. g3 d5 5. cxd5 Qxd5 6. Nf3 e5 7. Nc3 Qd8 8. Bg2
Be6 9. Ng5 Bf5 10. d3 Be7 11. Rc1 O-O 12. O-O Rc8 13. Nge4 Nxe4 14. dxe4 Be6 15.
Nd5 f6 16. e3 Bd6 17. Qe2 Bxd5 18. exd5 Ne7 19. Rfd1 a6 20. e4 b5 21. Rc2 Qa5
22. Ba1 Ng6 23. h4 Rfe8 24. h5 Nf8 25. h6 g6 26. Qf3 Kf7 27. Rdc1 Rc7 28. Bc3
Qb6 29. Bd2 Rd8 30. Be3 a5 31. a3 b4 32. axb4 axb4 33. Bf1 Rdc8 34. Ra2 Ra7 35.
Rca1 Rca8 36. Qe2 Rxa2 37. Rxa2 Ra5 38. Rxa5 Qxa5 39. Qg4 Qa8 40. Bb5 Ke7 41.
Bc6 Qb8 42. Kg2 Qc7 43. Qe2 Qa7 44. Qb5 Kd8 45. Qxb4 cxb4 46. Bxa7 Kc7 47. Kf3
Nd7 48. Bxd7 Kxd7 49. Ke2 Kc7 50. Kd3 Kb7 51. Be3 Ka6 52. Kc4 f5 53. f3 Ka5 54.
Bc5 Bb8 55. Be7 f4 56. gxf4 exf4 57. d6 g5 58. d7 Bc7 59. d8=Q Bxd8 60. Bxd8+
Ka6 61. Bxg5 Kb6 62. Bxf4 Kc6 63. Kxb4 Kd7 64. Kc5 Ke7 65. b4 Kf8 66. b5 Kg8 67.
b6 Kh8 1-0

[Event "Titled Tue 20th May Early"]
[Site "chess.com INT"]
[Date "2025.05.20"]
[Round "4"]
[White "Kosteniuk, Alexandra"]
[Black "Grigoriants, Sergey"]
[Result "1/2-1/2"]
[WhiteTitle "GM"]
[BlackTitle "GM"]
[WhiteElo "2479"]
[BlackElo "2542"]
[WhiteFideId "4128125"]
[BlackFideId "4130804"]
[EventDate "2025.05.20"]

1. e4 e6 2. d4 d5 3. e5 c5 4. c3 Nc6 5. Nf3 Bd7 6. Be2 f6 7. O-O fxe5 8. Nxe5
Nxe5 9. dxe5 Qc7 10. Re1 O-O-O 11. Bf1 Ne7 12. Nd2 Nf5 13. Nf3 h6 14. b4 g5 15.
bxc5 Bxc5 16. Nd4 Rhf8 17. Rb1 Bb6 18. Ba3 Rf7 19. Be2 Bc5 20. Qb3 b6 21. Bh5
Rff8 22. Bg4 Ng7 23. Rbc1 Kb8 24. Qb2 h5 25. Bd1 g4 26. c4 Bxa3 27. Qxa3 dxc4
28. Qb4 Rc8 29. Bb3 Qc5 30. Rxc4 Qxb4 31. Rxb4 Rc5 32. Rc4 Rfc8 33. Rxc5 Rxc5
34. h3 gxh3 35. gxh3 b5 36. Kh2 a5 37. Rg1 Ne8 38. Rg8 Rxe5 39. Bxe6 Kc7 40.
Bxd7 Kxd7 41. Rh8 Nd6 42. Rh7+ Re7 43. Rxe7+ Kxe7 44. Nc6+ Ke6 45. Nxa5 Kd5 46.
Kg3 Ne4+ 47. Kf3 Nc3 48. a3 Nb1 49. Kf4 Nxa3 50. Kg5 Nc4 51. Nb3 Nd6 52. f4 Kc4
53. Na5+ Kb4 54. Nc6+ Kc5 55. Ne5 Kd4 56. Kxh5 Ke4 57. Kg5 b4 58. Ng4 b3 59.
Nf2+ Kd4 60. Nd1 Ne4+ 61. Kg6 Nf2 62. Nb2 Nxh3 63. f5 Nf4+ 64. Kg5 Nd5 65. f6
Nxf6 66. Kxf6 Kc3 67. Na4+ Kc2 68. Ke5 b2 69. Nxb2 1/2-1/2

[Event "Titled Tue 20th May Early"]
[Site "chess.com INT"]
[Date "2025.05.20"]
[Round "4"]
[White "Shuvalova, Polina"]
[Black "Martinez Fernandez, Adrian"]
[Result "1-0"]
[WhiteTitle "IM"]
[BlackTitle "IM"]
[WhiteElo "2494"]
[BlackElo "2404"]
[WhiteFideId "24171760"]
[BlackFideId "32049048"]
[EventDate "2025.05.20"]

1. Nf3 Nc6 2. d4 d5 3. g3 Nf6 4. Bg2 Bg4 5. O-O Bxf3 6. exf3 e6 7. c3 h6 8. Re1
Be7 9. Nd2 O-O 10. f4 Na5 11. Nf3 c5 12. dxc5 Nc6 13. Be3 Nd7 14. b4 a5 15. a3
Bf6 16. Nd4 Qc8 17. Nb5 axb4 18. axb4 Rxa1 19. Qxa1 Nxb4 20. Nd6 Qc7 21. Qb1 Nc6
22. Rc1 Rb8 23. h4 Be7 24. c4 Bxd6 25. cxd6 Qxd6 26. cxd5 exd5 27. Qd3 Nf6 28.
Bc5 Qd7 29. Rb1 b5 30. Rxb5 Rxb5 31. Qxb5 Nd8 32. Qb8 Kh7 33. Bd4 Nc6 34. Qb1+
Kg8 35. Bxf6 gxf6 36. Qd3 Ne7 37. Qd4 Kg7 38. Kh2 Qf5 39. Bf3 Qe6 40. Kg2 Qf5
41. Qe3 Qe6 42. Qc5 Kg6 43. Qc7 Kg7 44. Qd8 Ng6 45. Qxd5 Qxd5 46. Bxd5 Ne7 47.
Be4 f5 48. Bb7 Kf6 49. Kf3 Ke6 50. Ke3 Kd6 51. Kd4 f6 52. Bf3 Ng6 53. Bh5 Ne7
54. Bf7 Nc6+ 55. Kc4 Ne7 56. Kb5 Kd7 57. Kc5 Nc8 58. Bc4 Ke7 59. Bd3 Ke6 60.
Bc4+ Ke7 61. Bg8 Nd6 62. f3 Ne8 63. Kd4 Ng7 64. Bd5 Nh5 65. g4 Nxf4 66. gxf5 Ng2
67. Be4 Nxh4 68. f4 Kf7 69. Ke3 1-0

[Event "Titled Tue 20th May Early"]
[Site "chess.com INT"]
[Date "2025.05.20"]
[Round "4"]
[White "Dumanuly, Sultanbeibarys"]
[Black "Rosen, Eric"]
[Result "1-0"]
[WhiteTitle "FM"]
[BlackTitle "IM"]
[WhiteElo "2117"]
[BlackElo "2377"]
[WhiteFideId "13731963"]
[BlackFideId "2032562"]
[EventDate "2025.05.20"]

1. e4 c5 2. Nc3 Nc6 3. Bb5 Nd4 4. Bc4 g6 5. Nf3 Bg7 6. Nxd4 cxd4 7. Qf3 e6 8.
Ne2 Ne7 9. O-O O-O 10. d3 a6 11. a4 b6 12. Qg3 Bb7 13. Bb3 Rc8 14. Bg5 f6 15.
Bd2 Kh8 16. Nxd4 f5 17. e5 Bd5 18. c4 Bb7 19. f4 Qc7 20. a5 Nc6 21. Nxc6 Qxc6
22. Qf2 Rg8 23. Bd1 Bf8 24. Bf3 Qc7 25. axb6 Qb8 26. Be3 Be7 27. Bxb7 Qxb7 28.
Qf3 Rc6 29. Rfb1 g5 30. b4 gxf4 31. Bf2 Rxb6 32. Qxb7 Rxb7 33. b5 f3 34. g3 axb5
35. cxb5 Rgb8 36. Ra2 Rxb5 37. Rxb5 Rxb5 38. h4 Rd5 39. d4 Rb5 40. Ra7 Rd5 41.
Rc7 Kg7 42. Rc8 Kf7 43. Rc7 Ke8 44. Rb7 Ra5 45. Rb8+ Kf7 46. Rb7 Ra1+ 47. Kh2
Ra2 48. Kg1 Ra1+ 49. Kh2 Rf1 50. Be3 Re1 51. Bf2 Re2 52. Kg1 Ke8 53. Rb8+ Bd8
54. d5 Ke7 55. d6+ Kf7 56. Rxd8 Rxe5 57. Rxd7+ Kg6 58. Re7 Kf6 59. Bd4 f2+ 60.
Kxf2 f4 61. Bxe5+ Kxe5 62. d7 fxg3+ 63. Kxg3 h5 64. d8=Q Ke4 65. Qd7 e5 66. Qe6
Kd3 67. Qxe5 Kc4 68. Qd6 Kb3 69. Rc7 Ka4 70. Qb6 1-0

[Event "Titled Tue 20th May Early"]
[Site "chess.com INT"]
[Date "2025.05.20"]
[Round "4"]
[White "Chaulagain, Purusottam"]
[Black "Barwinska, Ewa"]
[Result "1-0"]
[WhiteTitle "CM"]
[BlackTitle "WFM"]
[WhiteElo "1898"]
[BlackElo "2014"]
[WhiteFideId "12300730"]
[BlackFideId "21833761"]
[EventDate "2025.05.20"]

1. d4 c6 2. Nc3 d5 3. Bf4 Nf6 4. e3 e6 5. g4 Bd6 6. g5 Bxf4 7. gxf6 Bh6 8. fxg7
Bxg7 9. Qg4 Bf6 10. Qg3 Nd7 11. Nf3 c5 12. Nb5 cxd4 13. exd4 Rb8 14. O-O-O a6
15. Nd6+ Kf8 16. Rg1 b5 17. Bd3 h5 18. Nxf7 Kxf7 19. Bg6+ Ke7 20. Rde1 Rb6 21.
Ng5 Bxd4 22. Re2 Qf8 23. Rge1 Nc5 24. Qc7+ Bd7 25. Qxb6 Qf4+ 26. Kb1 Qxg5 27.
Bd3 Qf6 28. Qxa6 Nxd3 29. cxd3 Rc8 30. Qa3+ Kf7 31. f4 b4 32. Qxb4 Rc7 33. f5 e5
34. Qb8 Rc6 35. Qb7 Qxf5 36. Ka1 Qxd3 37. Qxd7+ Kg6 38. Qxc6+ Kf5 39. Rf1+ Kg4
40. Rg2+ Kh3 41. Qg6 Bxb2+ 42. Kxb2 Qb5+ 43. Kc1 Qxf1+ 44. Kd2 Qxg2+ 45. Qxg2+
Kxg2 46. a4 e4 47. a5 d4 48. a6 e3+ 49. Ke2 d3+ 50. Kxe3 Kxh2 51. a7 h4 52. a8=Q
h3 53. Kf2 d2 54. Qb8+ Kh1 55. Qb7+ Kh2 56. Qc7+ Kh1 57. Qc6+ Kh2 58. Qd6+ Kh1
59. Qd5+ Kh2 60. Qxd2 Kh1 61. Qe1+ Kh2 62. Qg1# 1-0

[Event "Titled Tue 20th May Early"]
[Site "chess.com INT"]
[Date "2025.05.20"]
[Round "4"]
[White "Cumpe, Lucas"]
[Black "Shimanov, Aleksandr"]
[Result "1/2-1/2"]
[WhiteTitle "FM"]
[BlackTitle "GM"]
[WhiteElo "2294"]
[BlackElo "2578"]
[WhiteFideId "183920"]
[BlackFideId "4198603"]
[EventDate "2025.05.20"]

1. e4 e5 2. Nf3 Nc6 3. d4 exd4 4. Bc4 Nf6 5. O-O Nxe4 6. Re1 d5 7. Ng5 Be7 8.
Nxf7 Kxf7 9. Qh5+ Kf8 10. Bxd5 Nd6 11. Bf4 Qe8 12. Qf3 Nf5 13. Na3 Qg6 14. Nb5
Nh4 15. Qb3 Qf5 16. Nxc7 Qxf4 17. Nxa8 Qd6 18. Be6 Bxe6 19. Rxe6 Qd7 20. Rae1 g5
21. Qh3 Qd8 22. Qg4 Kg7 23. g3 Ng6 24. f4 Bf6 25. fxg5 Bxg5 26. h4 Be3+ 27. Kh2
Qxa8 28. h5 Qd8 29. hxg6 hxg6+ 30. Kg2 Qd5+ 31. Qe4 Qxe4+ 32. Rxe4 Bg5 33. c3
dxc3 34. bxc3 Rd8 35. R1e2 Rd3 36. c4 Ra3 37. Rg4 Bf6 38. Rf4 Ra5 39. Ref2 Bd4
40. Rf7+ Kh6 41. Rd2 Be5 42. Rxb7 Ra3 43. Rb3 Ra4 44. c5 Rc4 45. Rd5 Bd4 46. Rb7
Bxc5 47. Rc7 Bb6 48. Rf7 Rc2+ 49. Kh3 Nd4 50. Rf6 Kg7 51. Rdd6 Nf5 52. Rxg6+ Kh7
53. Rdf6 Ng7 54. Rh6+ Kg8 55. Rhg6 Rxa2 56. Rd6 Rf2 57. Rc6 Rf7 58. Kg4 Kf8 59.
Rgf6 Ne8 60. Rxf7+ Kxf7 61. Kf5 Ng7+ 62. Ke5 Ne8 63. g4 Bd8 64. Kf5 Ng7+ 65. Ke5
Ne8 66. Rc8 Ba5 67. Kd5 Nf6+ 68. Kc6 Bb6 69. Ra8 Nxg4 70. Kb7 Nf6 71. Rxa7 Bxa7
72. Kxa7 1/2-1/2

[Event "Titled Tue 20th May Early"]
[Site "chess.com INT"]
[Date "2025.05.20"]
[Round "4"]
[White "Dicen, Elis Denele"]
[Black "Cori Quispe, Kevin Joel"]
[Result "0-1"]
[WhiteTitle "WFM"]
[BlackTitle "GM"]
[WhiteElo "2135"]
[BlackElo "2464"]
[WhiteFideId "462560"]
[BlackFideId "3814017"]
[EventDate "2025.05.20"]

1. e4 g6 2. Nf3 Bg7 3. d4 c5 4. c3 cxd4 5. cxd4 d5 6. e5 Nc6 7. Bb5 Nh6 8. Bxc6+
bxc6 9. O-O O-O 10. Nbd2 f6 11. Re1 Nf7 12. exf6 exf6 13. b3 Re8 14. Ba3 Bf5 15.
Rxe8+ Qxe8 16. Rc1 Qd7 17. Qf1 Bh6 18. Qa6 Rc8 19. Bc5 Rc7 20. Re1 Bf8 21. Rc1
Nd6 22. h3 g5 23. Nf1 Be4 24. N3d2 Bg6 25. Nf3 h5 26. Qe2 Bg7 27. Ne3 Ne4 28.
Bb4 Bh6 29. Ba5 Rc8 30. Nd2 g4 31. Nxe4 Bxe4 32. hxg4 hxg4 33. Nxg4 Bg7 34. Ne3
Re8 35. Qh5 f5 36. Rd1 f4 37. Ng4 Re6 38. f3 Bg6 39. Qg5 Qf7 40. Qd8+ Re8 41.
Qg5 Qf5 42. Qxf5 Bxf5 43. Kf2 Kf7 44. Bb4 Bxg4 45. fxg4 Re3 46. Bc5 a5 47. Re1
Rd3 48. Re7+ Kg8 49. Re8+ Kf7 50. Re7+ Kg8 51. Rc7 Rc3 52. Rc8+ Kh7 53. Rc7 Kg6
54. Rc8 Kg5 55. Rxc6 Bxd4+ 56. Ke2 Rxc5 57. Rxc5 Bxc5 58. Kf3 Bd6 59. Ke2 Kxg4
60. Kf1 Bc5 61. Ke2 Kg3 62. Kf1 d4 63. Ke2 Kxg2 64. Ke1 f3 65. Kd1 Bb4 66. a4 f2
67. Kc2 f1=Q 68. Kb2 Bc3+ 0-1